| 000 | 01225 a2200205 4500 | ||
|---|---|---|---|
| 001 | 36909 | ||
| 005 | 20260407155641.0 | ||
| 008 | 260407a1960 arg spa d | ||
| 003 | AR-UNSa-BCEJYS | ||
| 040 |
_aAR-UNSa-BCEJYS _bspa _cAR-UNSa-BCEJYS |
||
| 080 |
_a658.512.2 _xDiseño. Desarrollo, construcción de productos. Diseño industrial |
||
| 245 | 1 | 0 | _aManual de ingeniería de la producción industrial |
| 264 | 1 |
_aBarcelona : _bReverté _c1960 |
|
| 300 |
_a349 p. _c22 cm. |
||
| 505 | _aVol.I: 1. Función de la ingeniería de la producción industrial - 2. Métodos - 3. Medición de trabajo - 4. Tiempos tipos elementales predeterminados - 5. Pago de salarios - 6. Métodos de control - 7. Proyecto y medios de fabricación - 8. Otros aspectos de la ingeniería de la producción industrial -- Vol.II: 9. Nuevos temas de la ingenieria de la producción industrial - 10. Nuevas medios auxiliares del estudio de tiempos - 11. Otras posibilidades de empleo del estudio de tiempos - 12. Datos tiempos universales-Jornadas medida adiestramiento - 13. Procedimientos matemáticos y estadísticos. | ||
| 942 | _cBK | ||
| 590 | _aniveau_biblio:m niveau_hierar:0 | ||
| 100 | 1 | _aMaynard, H.B. | |
| 700 | 1 | _aCamany Arbat, José | |
| 999 |
_c2689 _d2689 |
||